| 000 | 00902nam a2200265 i 4500 | ||
|---|---|---|---|
| 001 | bg | ||
| 100 | 1 | _aPUŁA, Wojciech | |
| 245 | 1 | 0 |
_aZastosowania teorii niezawodności konstrukcji do oceny bezpieczeństwa fundamentów / _cWojciech Puła. |
| 260 |
_aWrocław : _bOficyna Wydawnicza Politechniki Wrocławskiej, _c2004. |
||
| 300 |
_a319 s. : _brys., tab., wykr. ; _c24 cm. |
||
| 504 | _aBibliogr. s. 302-319. | ||
| 650 | 9 |
_aAnaliza numeryczna _xstosowanie _xtechnika |
|
| 650 | 9 |
_aFundamenty _xmechanika |
|
| 650 | 9 | _aNiezawodność urządzeń | |
| 650 | 9 |
_aRachunek prawdopodobieństwa _xstosowanie _xtechnika |
|
| 650 | 9 |
_aSymulacja _xstosowanie _xtechnika |
|
| 015 | _aPB 22590/2004 | ||
| 020 | _a8370858120 | ||
| 040 | _cBPK | ||
| 041 | 0 | _apol | |
| 080 | _a624.15.004.15:624.131:519.61/.64:519.2 | ||
| 920 | _a83-7085-812-0 | ||
| 942 | _cKS | ||
| 008 | s pl f |000 0 pol | ||
| 999 |
_c46680 _d46680 |
||
| 856 |
_uhttp://koha.tu.koszalin.pl/cgi-bin/koha/opac-detail.pl?biblionumber=46680 _yKatalog online BPK |
||